| 000 | 02279nam a2200289 a 4500 | ||
|---|---|---|---|
| 001 | 79288 | ||
| 003 | BD-RjUL | ||
| 005 | 20220417104633.0 | ||
| 008 | 220131s2014 bg |||| m||| 00| 0 ben d | ||
| 035 | _a(BD-RjUL)79288 | ||
| 040 |
_aBD-RjUL _bben / eng _cBD-RjUL _dBD-RjUL |
||
| 041 | _aben | ||
| 082 |
_a297.61 _bAHM 2014 _223 |
||
| 100 |
_aআহমদ, সিহাব উদ্দিন _91011 |
||
| 245 |
_aমিয়াঁ নাযীর হুসাইন দেহলভী : _bফিকহ শাস্ত্রের তাঁর অবদান / _cসিহাব উদ্দিন আহমদ ; _6প্রিন্সিপ্যাল সুপারভাইজার: আবু ইউনুছ খান মুহাম্মদ জাহাঙ্গীর ; কো-সুপারভাইজার: মুহাম্মদ ইকরামুল ইসলাম |
||
| 260 |
_aরাজশাহী : _bআরবী বিভাগ, রাজশাহী বিশ্ববিদ্যালয়, _c২০১৪ |
||
| 300 |
_aviii, ২৬৭ পাতা ; _c২৯ সেমি. |
||
| 502 | _aথিসিস (পিএইচ. ডি.) -- আরবী বিভাগ, রাজশাহী বিশ্ববিদ্যালয়, | ||
| 504 | _aগ্রন্থপঞ্জী : পাতা ২৫৮ - ২৬৭ | ||
| 600 |
_aদেহলভী, মিয়াঁ নাযীর হুসাইন _d১৮০৫ - ১৯০২ খ্রিস্টাব্দ _xজীবনী _92459 |
||
| 600 |
_aDehlawi, Mian Nazeer Husain, _d1805 - 1902 A. D. _xBiography _92460 |
||
| 600 |
_aদেহলভী, মিয়াঁ নাযীর হুসাইন _d১৮০৫ - ১৯০২ খ্রিস্টাব্দ _xসমালোচনা, ব্যাখ্যা ইত্যাদি _92461 |
||
| 600 |
_aDehlawi, Mian Nazeer Husain, _d1805 - 1902 A. D. _xCriticism and Interpretation _92462 |
||
| 700 |
_aজাহাঙ্গীর, আবু ইউনুছ খান মুহাম্মদ, প্রিন্সিপ্যাল সুপারভাইজার _91014 |
||
| 700 |
_aইসলাম, মুহাম্মদ ইকরামুল, কো-সুপারভাইজার _91015 |
||
| 942 |
_2ddc _cTHE |
||
| 999 |
_c79288 _d79288 |
||